000 00750nam a2200205Ia 4500
003 LDD
008 190117s9999 xx 000 0 und d
020 _a9788171780389
_c₹350
040 _cLDD
041 _ahi
082 _a8H3.7 शु1166आ-9
100 _aशुक्ल, श्रीलाल
245 0 _aआदमी का ज़हर
_cश्रीलाल शुक्ल
250 _aनौवाँ संस्करण
260 _aई दिल्ली |
_bराजकमल प्रकाशन
_c2015
300 _a144p.
901 _aGP
904 _aReqst by : Jitendra Kumar Srivastav
942 _2ddc
_cH
999 _c171989
_d171989